000 00693cam a22002533a 4500
001 10847
003 PGUSA
005 20140828083229.0
008 040101s2004||||xxu|||||s|||||000 | eng d
040 _aPGUSA
_beng
042 _adc
050 4 _aPR
100 1 _aBeaumont, Francis,
_d1584-1616
245 1 4 _aThe Maids Tragedy
_h[electronic resource] /
_cFrancis Beaumont
260 _bProject Gutenberg,
_c2004
506 _aPublic domain in the USA.
516 _aElectronic text
653 _aKings and rulers -- Drama
653 _aTragedies
653 _aRevenge -- Drama
830 0 _aProject Gutenberg
_v10847
856 4 0 _uhttp://www.gutenberg.org/ebooks/10847
942 _cEB
999 _c240102
_d240102